La estetización del mundo: Vivir en la época del capitalismo artístico.

Wedi'i Gadw mewn:
Manylion Llyfryddiaeth
Prif Awdur: Lipovetsky, Gilles (autor)
Awduron Eraill: Serroy, Jean (autor), Moya, Antonio-Prometeo (traductor)
Fformat: Llyfr
Iaith:Sbaeneg
Cyhoeddwyd: Barcelona, España: Anagrama, 2018.
Rhifyn:Tercera edición.
Cyfres:Colección Argumentos,
Pynciau:
Tagiau: Ychwanegu Tag
Dim Tagiau, Byddwch y cyntaf i dagio'r cofnod hwn!

MARC

LEADER 00000cam a2200000 a 4500
001 UCE7099
003 CL-VaPUC
005 20250321101942.0
008 150529t20180000sp |||||||||||||||||spa|d
999 |c 447000  |d 446998 
020 |a 978-84-339-6375-8 
040 |c Pontificia Universidad Católica de Valparaíso 
082 0 4 |a 306.3 LIP 2018  |2 21 
100 |a Lipovetsky, Gilles  |e autor  |9 579825 
245 1 3 |a La estetización del mundo:  |b Vivir en la época del capitalismo artístico. 
250 |a Tercera edición. 
260 |a Barcelona, España:  |b Anagrama,  |c 2018. 
300 |a 403 páginas. 
490 |a Colección Argumentos,  |n  472. 
500 |a c.1-c.3. Instituto Arcos.08-01-2025. 
583 |a last modification  |c 20150529 15:00:00  |k Gabriela Rodríguez Cuevas 
650 0 |a Arte  |9 265238  |x Aspectos económicos  
650 0 |a Sociología de la cultura   |9 318280 
650 0 |a Estética   |9 264950 
650 0 |a Comunismo  |9 255588  |x Conducta 
650 0 |a Capitalismo  |9 255255  |x Aspectos sociales 
700 0 |a Serroy, Jean  |e autor  |9 579826 
700 |a Moya, Antonio-Prometeo  |e traductor  |9 882161 
942 |c BK  |2 ddc  |n 0 
945 |d 20150529 15:00:00  |a dcastane 
952 |0 0  |1 0  |2 ddc  |4 0  |6 306_300000000000000_LIP_2018  |7 0  |8 A  |9 600374  |a BIBINC  |b BIBINC  |d 2025-02-03  |e Instituto Arcos  |i 5665286  |o 306.3 LIP 2018  |p 5665286  |r 2025-02-03  |t 1  |w 2025-02-03  |y BK  |k IFP 
952 |0 0  |1 0  |2 ddc  |4 0  |6 306_300000000000000_LIP_2018  |7 0  |8 A  |9 600375  |a BIBINC  |b BIBINC  |d 2025-02-03  |e Instituto Arcos  |i 5665287  |o 306.3 LIP 2018  |p 5665287  |r 2025-02-03  |t 2  |w 2025-02-03  |y BK  |k IFP 
952 |0 0  |1 0  |2 ddc  |4 0  |6 306_300000000000000_LIP_2018  |7 0  |8 A  |9 600376  |a BIBINC  |b BIBINC  |d 2025-02-03  |e Instituto Arcos  |i 5665288  |o 306.3 LIP 2018  |p 5665288  |r 2025-02-03  |t 3  |w 2025-02-03  |y BK  |k IFP